000 00285nam a22001337a 4500
008 180928b xxu||||| |||| 00| 0 eng d
020 _a9781903470084
041 _aeng
080 _a701
100 _a44
101 _aART
245 _aGainsborough pop
_cBelsey,H
942 _2udc
_cBK
999 _c48666
_d48666